[Event "9. Forchheimer Sparkassen Open 2010"]
[Site "Forchheim"]
[Date "2010.10.02"]
[Round "3.23"]
[White "Duzy, Stefan"]
[Black "Turner, Radek"]
[Result "0-1"]
[WhiteElo "1949"]
[BlackElo "2168"]
[PlyCount "78"]
[EventDate "2010.??.??"]
[WhiteTeam "Erfurter Schachklub"]
[BlackTeam "Schachclub Hirschau"]

1. e4 {[%emt 0:00:00]} Nf6 {[%emt 0:00:01]} 2. e5 {[%emt 0:00:04]} Nd5 {
[%emt 0:00:01]} 3. c4 {[%emt 0:00:05]} Nb6 {[%emt 0:00:02]} 4. c5 {
[%emt 0:00:20]} Nd5 {[%emt 0:00:01]} 5. Bc4 {[%emt 0:00:03]} e6 {[%emt 0:00:02]
} 6. d4 {[%emt 0:00:02]} b6 {[%emt 0:00:01]} 7. cxb6 {[%emt 0:00:02]} axb6 {
[%emt 0:00:02]} 8. Nf3 {[%emt 0:00:02]} Ba6 {[%emt 0:00:02]} 9. Bxa6 {
[%emt 0:00:02]} Nxa6 {[%emt 0:00:01]} 10. O-O {[%emt 0:00:16]} Be7 {
[%emt 0:00:02]} 11. Nc3 {[%emt 0:00:03]} c6 {[%emt 0:00:01]} 12. Be3 {
[%emt 0:00:03]} Nac7 {[%emt 0:00:02]} 13. Ne4 {[%emt 0:00:03]} O-O {
[%emt 0:00:02]} 14. Bg5 {[%emt 0:00:02]} f6 {[%emt 0:00:01]} 15. exf6 {
[%emt 0:00:03]} Nxf6 {[%emt 0:00:03]} 16. Nxf6+ {[%emt 0:00:03]} gxf6 {
[%emt 0:00:02]} 17. Bh4 {[%emt 0:00:02]} Nd5 {[%emt 0:00:02]} 18. Bg3 {
[%emt 0:00:05]} Qe8 {[%emt 0:00:02]} 19. Nd2 {[%emt 0:00:02]} Qg6 {
[%emt 0:00:02]} 20. Nc4 {[%emt 0:00:02]} b5 {[%emt 0:00:01]} 21. Ne3 {
[%emt 0:00:03]} Nb6 {[%emt 0:00:02]} 22. Bc7 {[%emt 0:00:02]} Bd8 {
[%emt 0:00:02]} 23. Bxd8 {[%emt 0:00:02]} Rfxd8 {[%emt 0:00:03]} 24. Qe2 {
[%emt 0:00:03]} Ra4 {[%emt 0:00:02]} 25. Rfd1 {[%emt 0:00:03]} Rda8 {
[%emt 0:00:02]} 26. b3 {[%emt 0:00:02]} Ra3 {[%emt 0:00:02]} 27. Rd3 {
[%emt 0:00:02]} Rxa2 {[%emt 0:00:03]} 28. Rxa2 {[%emt 0:00:02]} Rxa2 {
[%emt 0:00:04]} 29. Qxa2 {[%emt 0:00:01]} Qxd3 {[%emt 0:00:02]} 30. Qa7 {
[%emt 0:00:03]} Qxd4 {[%emt 0:00:03]} 31. h4 {[%emt 0:00:02]} f5 {
[%emt 0:00:02]} 32. Qb8+ {[%emt 0:00:02]} Kf7 {[%emt 0:00:02]} 33. Kh2 {
[%emt 0:00:02]} Qxh4+ {[%emt 0:00:02]} 34. Kg1 {[%emt 0:00:02]} Nd5 {
[%emt 0:00:02]} 35. Nxd5 {[%emt 0:00:02]} exd5 {[%emt 0:00:02]} 36. Qd6 {
[%emt 0:00:02]} Qe7 {[%emt 0:00:02]} 37. Qh6 {[%emt 0:00:02]} Ke8 {
[%emt 0:00:03]} 38. Qh5+ {[%emt 0:00:02]} Qf7 {[%emt 0:00:02]} 39. Qh2 {
[%emt 0:00:03]} f4 {[%emt 0:00:02]} 0-1

[Event "9. Forchheimer Sparkassen Open 2010"]
[Site "Forchheim"]
[Date "2010.10.02"]
[Round "3.24"]
[White "Winand, Edgar"]
[Black "Hansen, Victor"]
[Result "1-0"]
[WhiteElo "1976"]
[BlackElo "2121"]
[PlyCount "81"]
[EventDate "2010.??.??"]
[WhiteTeam "SC Königliche Trakehner Oberurse"]
[BlackTeam "SGEM Dreisamtal"]

1. Nf3 {[%emt 0:00:00]} d5 {[%emt 0:00:01]} 2. d4 {[%emt 0:00:02]} Nf6 {
[%emt 0:00:05]} 3. e3 {[%emt 0:00:02]} g6 {[%emt 0:00:02]} 4. Bd3 {
[%emt 0:00:02]} Bg7 {[%emt 0:00:01]} 5. Nbd2 {[%emt 0:00:02]} O-O {
[%emt 0:00:01]} 6. b3 {[%emt 0:00:02]} c5 {[%emt 0:00:01]} 7. Bb2 {
[%emt 0:00:02]} cxd4 {[%emt 0:00:02]} 8. exd4 {[%emt 0:00:01]} Nc6 {
[%emt 0:00:01]} 9. a3 {[%emt 0:00:02]} Nh5 {[%emt 0:00:02]} 10. O-O {
[%emt 0:00:02]} Nf4 {[%emt 0:00:03]} 11. Bb5 {[%emt 0:00:02]} Bg4 {
[%emt 0:00:02]} 12. Bxc6 {[%emt 0:00:02]} bxc6 {[%emt 0:00:01]} 13. h3 {
[%emt 0:00:19]} Bc8 {[%emt 0:00:03]} 14. Ne5 {[%emt 0:00:04]} Qc7 {
[%emt 0:00:01]} 15. Ndf3 {[%emt 0:00:02]} f6 {[%emt 0:00:01]} 16. Nd3 {
[%emt 0:00:02]} Nxd3 {[%emt 0:00:02]} 17. cxd3 {[%emt 0:00:00]} e5 {
[%emt 0:00:03]} 18. Re1 {[%emt 0:00:02]} Re8 {[%emt 0:00:02]} 19. Qc2 {
[%emt 0:00:02]} Bd7 {[%emt 0:00:03]} 20. Rac1 {[%emt 0:00:02]} Rab8 {
[%emt 0:00:02]} 21. b4 {[%emt 0:00:04]} Re7 {[%emt 0:00:01]} 22. Qc5 {
[%emt 0:00:02]} Be8 {[%emt 0:00:02]} 23. dxe5 {[%emt 0:00:03]} fxe5 {
[%emt 0:00:01]} 24. Nd4 {[%emt 0:00:05]} a5 {[%emt 0:00:02]} 25. b5 {
[%emt 0:00:02]} exd4 {[%emt 0:00:02]} 26. Rxe7 {[%emt 0:00:02]} Qf4 {
[%emt 0:00:01]} 27. g3 {[%emt 0:00:02]} Qf6 {[%emt 0:00:02]} 28. Rce1 {
[%emt 0:00:03]} Bf7 {[%emt 0:00:02]} 29. a4 {[%emt 0:00:02]} cxb5 {
[%emt 0:00:02]} 30. Qc7 {[%emt 0:00:01]} Rf8 {[%emt 0:00:04]} 31. Qd7 {
[%emt 0:00:07]} bxa4 {[%emt 0:00:03]} 32. Ba3 {[%emt 0:00:01]} Bh6 {
[%emt 0:00:05]} 33. f4 {[%emt 0:00:03]} g5 {[%emt 0:00:01]} 34. Bd6 {
[%emt 0:00:04]} gxf4 {[%emt 0:00:16]} 35. Qg4+ {[%emt 0:00:03]} Bg6 {
[%emt 0:00:03]} 36. R7e6 {[%emt 0:00:03]} Qf5 {[%emt 0:00:02]} 37. Bxf8 {
[%emt 0:00:02]} Qxg4 {[%emt 0:00:03]} 38. hxg4 {[%emt 0:00:02]} Kxf8 {
[%emt 0:00:02]} 39. gxf4 {[%emt 0:00:01]} a3 {[%emt 0:00:02]} 40. f5 {
[%emt 0:00:06]} Be3+ {[%emt 0:00:02]} 41. R6xe3 {[%emt 0:00:03]} 1-0

[Event "9. Forchheimer Sparkassen Open 2010"]
[Site "Forchheim"]
[Date "2010.10.02"]
[Round "3.25"]
[White "Sha, Siyu"]
[Black "Löw, Gerald"]
[Result "0-1"]
[WhiteElo "1918"]
[BlackElo "2263"]
[PlyCount "74"]
[EventDate "2010.??.??"]
[WhiteTeam "SC Noris-Tarrasch Nürnberg 1873"]
[BlackTeam "TSV Bindlach Aktionär-Schachabte"]

1. e4 {[%emt 0:00:00]} c5 {[%emt 0:00:02]} 2. Nf3 {[%emt 0:00:14]} g6 {
[%emt 0:00:02]} 3. d4 {[%emt 0:00:02]} cxd4 {[%emt 0:00:01]} 4. Nxd4 {
[%emt 0:00:02]} Bg7 {[%emt 0:00:02]} 5. c4 {[%emt 0:00:06]} Nc6 {[%emt 0:00:02]
} 6. Be3 {[%emt 0:00:05]} Nf6 {[%emt 0:00:02]} 7. Nc3 {[%emt 0:00:01]} Ng4 {
[%emt 0:00:02]} 8. Qxg4 {[%emt 0:00:25]} Nxd4 {[%emt 0:00:06]} 9. Qd1 {
[%emt 0:00:36]} Ne6 {[%emt 0:00:08]} 10. Qd2 {[%emt 0:00:02]} Qa5 {
[%emt 0:00:04]} 11. Rc1 {[%emt 0:03:27]} b6 {[%emt 0:00:03]} 12. Be2 {
[%emt 0:00:11]} Bb7 {[%emt 0:00:03]} 13. f3 {[%emt 0:00:02]} g5 {[%emt 0:00:02]
} 14. g3 {[%emt 0:00:11]} h5 {[%emt 0:00:01]} 15. b3 {[%emt 0:00:12]} h4 {
[%emt 0:00:02]} 16. Kf2 {[%emt 0:00:03]} hxg3+ {[%emt 0:00:02]} 17. Kxg3 {
[%emt 0:00:02]} Be5+ {[%emt 0:00:03]} 18. Kg2 {[%emt 0:00:02]} Nf4+ {
[%emt 0:00:02]} 19. Kf2 {[%emt 0:00:01]} e6 {[%emt 0:00:03]} 20. Bd4 {
[%emt 0:00:07]} Bxd4+ {[%emt 0:00:02]} 21. Qxd4 {[%emt 0:00:01]} Qc5 {
[%emt 0:00:02]} 22. Qxc5 {[%emt 0:00:08]} bxc5 {[%emt 0:00:01]} 23. Nb5 {
[%emt 0:00:03]} Ke7 {[%emt 0:00:02]} 24. Rcd1 {[%emt 0:00:05]} Rh4 {
[%emt 0:00:02]} 25. Bf1 {[%emt 0:00:12]} Rah8 {[%emt 0:00:58]} 26. Kg3 {
[%emt 0:00:04]} Nh5+ {[%emt 0:00:02]} 27. Kf2 {[%emt 0:00:02]} g4 {
[%emt 0:00:02]} 28. Be2 {[%emt 0:00:03]} gxf3 {[%emt 0:00:02]} 29. Bxf3 {
[%emt 0:00:03]} Bxe4 {[%emt 0:00:04]} 30. Bxe4 {[%emt 0:00:04]} Rxe4 {
[%emt 0:00:01]} 31. Rd2 {[%emt 0:00:02]} a6 {[%emt 0:00:02]} 32. Nd6 {
[%emt 0:00:03]} Nf6 {[%emt 0:00:02]} 33. Rd3 {[%emt 0:00:10]} Rf4+ {
[%emt 0:00:03]} 34. Ke2 {[%emt 0:00:02]} Rh5 {[%emt 0:00:02]} 35. Nc8+ {
[%emt 0:00:04]} Kd8 {[%emt 0:00:02]} 36. Nd6 {[%emt 0:00:02]} Ng4 {
[%emt 0:00:02]} 37. Rf3 {[%emt 0:00:02]} Re5+ {[%emt 0:00:03]} 0-1

[Event "9. Forchheimer Sparkassen Open 2010"]
[Site "Forchheim"]
[Date "2010.10.02"]
[Round "3.26"]
[White "Nigmatulin, Anatoly"]
[Black "Loehr, Markus"]
[Result "1/2-1/2"]
[WhiteElo "1981"]
[BlackElo "2256"]
[PlyCount "29"]
[EventDate "2010.??.??"]
[WhiteTeam "SC 1868 Bamberg"]
[BlackTeam "SK Schmiden/Cannstatt"]

1. e4 {[%emt 0:00:00]} d5 {[%emt 0:00:02]} 2. exd5 {[%emt 0:00:01]} Qxd5 {
[%emt 0:00:02]} 3. Nc3 {[%emt 0:00:02]} Qa5 {[%emt 0:00:02]} 4. d4 {
[%emt 0:00:02]} Nf6 {[%emt 0:00:02]} 5. Nf3 {[%emt 0:00:02]} c6 {[%emt 0:00:02]
} 6. Bd2 {[%emt 0:00:02]} Bf5 {[%emt 0:00:02]} 7. Ne4 {[%emt 0:00:02]} Qc7 {
[%emt 0:00:02]} 8. Nxf6+ {[%emt 0:00:02]} gxf6 {[%emt 0:00:02]} 9. g3 {
[%emt 0:00:01]} e6 {[%emt 0:00:01]} 10. Bg2 {[%emt 0:00:02]} Nd7 {
[%emt 0:00:02]} 11. Nh4 {[%emt 0:00:02]} Bg6 {[%emt 0:00:01]} 12. O-O {
[%emt 0:00:02]} Be7 {[%emt 0:00:02]} 13. c4 {[%emt 0:00:02]} Rd8 {
[%emt 0:00:06]} 14. Qe2 {[%emt 0:00:04]} O-O {[%emt 0:00:01]} 15. Nxg6 {
[%emt 0:00:03]} 1/2-1/2

[Event "9. Forchheimer Sparkassen Open 2010"]
[Site "Forchheim"]
[Date "2010.10.02"]
[Round "3.27"]
[White "Auburger, Philipp"]
[Black "Krockenberger, Martin"]
[Result "0-1"]
[WhiteElo "1936"]
[BlackElo "2187"]
[PlyCount "112"]
[EventDate "2010.??.??"]
[WhiteTeam "SC Forchheim e.V."]
[BlackTeam "SK Schmiden/Cannstatt"]

1. e4 {[%emt 0:00:00]} e5 {[%emt 0:00:02]} 2. Nf3 {[%emt 0:00:01]} Nc6 {
[%emt 0:00:02]} 3. Bb5 {[%emt 0:00:02]} a6 {[%emt 0:00:01]} 4. Ba4 {
[%emt 0:00:02]} Nf6 {[%emt 0:00:01]} 5. O-O {[%emt 0:00:03]} Be7 {
[%emt 0:00:01]} 6. Re1 {[%emt 0:00:02]} b5 {[%emt 0:00:01]} 7. Bb3 {
[%emt 0:00:02]} d6 {[%emt 0:00:01]} 8. c3 {[%emt 0:00:02]} O-O {[%emt 0:00:01]}
9. h3 {[%emt 0:00:02]} Na5 {[%emt 0:00:02]} 10. Bc2 {[%emt 0:00:02]} c5 {
[%emt 0:00:01]} 11. d4 {[%emt 0:00:03]} Nd7 {[%emt 0:00:02]} 12. d5 {
[%emt 0:00:02]} Nb6 {[%emt 0:00:01]} 13. Nbd2 {[%emt 0:00:03]} f5 {
[%emt 0:00:02]} 14. exf5 {[%emt 0:00:02]} Bxf5 {[%emt 0:00:01]} 15. Be4 {
[%emt 0:00:03]} Qd7 {[%emt 0:00:02]} 16. Nf1 {[%emt 0:00:02]} Bxe4 {
[%emt 0:00:01]} 17. Rxe4 {[%emt 0:00:02]} Qf5 {[%emt 0:00:01]} 18. Rg4 {
[%emt 0:00:03]} h5 {[%emt 0:00:01]} 19. Rg3 {[%emt 0:00:02]} e4 {[%emt 0:00:02]
} 20. Bh6 {[%emt 0:00:02]} Rf7 {[%emt 0:00:03]} 21. Ne3 {[%emt 0:00:06]} Qh7 {
[%emt 0:00:02]} 22. Ng5 {[%emt 0:00:01]} Bxg5 {[%emt 0:00:05]} 23. Bxg5 {
[%emt 0:00:02]} Raf8 {[%emt 0:00:02]} 24. Qe2 {[%emt 0:00:02]} Nac4 {
[%emt 0:00:02]} 25. Nxc4 {[%emt 0:00:02]} bxc4 {[%emt 0:00:01]} 26. Rd1 {
[%emt 0:00:02]} Rxf2 {[%emt 0:00:02]} 27. Qxf2 {[%emt 0:00:01]} Rxf2 {
[%emt 0:00:02]} 28. Kxf2 {[%emt 0:00:02]} Qf5+ {[%emt 0:00:02]} 29. Kg1 {
[%emt 0:00:02]} Nxd5 {[%emt 0:00:02]} 30. Bh6 {[%emt 0:00:03]} Kh7 {
[%emt 0:00:02]} 31. Rg5 {[%emt 0:00:03]} Qf6 {[%emt 0:00:01]} 32. Rxh5 {
[%emt 0:00:03]} gxh6 {[%emt 0:00:04]} 33. Rhxd5 {[%emt 0:00:02]} e3 {
[%emt 0:00:01]} 34. Rf1 {[%emt 0:00:02]} Qe6 {[%emt 0:00:02]} 35. Rdf5 {
[%emt 0:00:02]} d5 {[%emt 0:00:01]} 36. Rf6 {[%emt 0:00:02]} Qe4 {
[%emt 0:00:01]} 37. R1f5 {[%emt 0:00:03]} Qh4 {[%emt 0:00:02]} 38. Kf1 {
[%emt 0:00:03]} d4 {[%emt 0:00:02]} 39. Rf4 {[%emt 0:00:02]} Qh5 {
[%emt 0:00:01]} 40. Rf7+ {[%emt 0:00:01]} Kg8 {[%emt 0:00:02]} 41. Rf8+ {
[%emt 0:00:02]} Kg7 {[%emt 0:00:01]} 42. Rf3 {[%emt 0:00:02]} d3 {
[%emt 0:00:02]} 43. R8f4 {[%emt 0:00:03]} e2+ {[%emt 0:00:01]} 44. Ke1 {
[%emt 0:00:02]} Qe8 {[%emt 0:00:02]} 45. Rf7+ {[%emt 0:00:03]} Qxf7 {
[%emt 0:00:01]} 46. Rxf7+ {[%emt 0:00:01]} Kxf7 {[%emt 0:00:01]} 47. Kf2 {
[%emt 0:00:02]} Kf6 {[%emt 0:00:02]} 48. g3 {[%emt 0:00:02]} Kf5 {
[%emt 0:00:02]} 49. b3 {[%emt 0:00:02]} cxb3 {[%emt 0:00:02]} 50. axb3 {
[%emt 0:00:01]} a5 {[%emt 0:00:01]} 51. h4 {[%emt 0:00:02]} Kg4 {[%emt 0:00:02]
} 52. c4 {[%emt 0:00:02]} h5 {[%emt 0:00:02]} 53. b4 {[%emt 0:00:01]} axb4 {
[%emt 0:00:03]} 54. Ke1 {[%emt 0:00:02]} b3 {[%emt 0:00:01]} 55. Kf2 {
[%emt 0:00:01]} b2 {[%emt 0:00:01]} 56. Kg2 {[%emt 0:00:01]} e1=Q {
[%emt 0:00:03]} 0-1

[Event "9. Forchheimer Sparkassen Open 2010"]
[Site "Forchheim"]
[Date "2010.10.02"]
[Round "3.28"]
[White "Weidel, Albrecht"]
[Black "Wohlfahrt, Frank"]
[Result "0-1"]
[WhiteElo "2225"]
[BlackElo "2023"]
[PlyCount "66"]
[EventDate "2010.??.??"]
[WhiteTeam "SAbt TG Biberach"]
[BlackTeam "SGem Siemens Erlangen e.V."]

1. d4 {[%emt 0:00:00]} d5 {[%emt 0:00:01]} 2. Nf3 {[%emt 0:00:02]} e6 {
[%emt 0:00:02]} 3. c4 {[%emt 0:00:02]} c5 {[%emt 0:00:02]} 4. cxd5 {
[%emt 0:00:01]} exd5 {[%emt 0:00:02]} 5. g3 {[%emt 0:00:02]} Nc6 {
[%emt 0:00:02]} 6. Nc3 {[%emt 0:00:03]} Nf6 {[%emt 0:00:51]} 7. Bg2 {
[%emt 0:00:05]} Be7 {[%emt 0:00:04]} 8. O-O {[%emt 0:00:04]} O-O {
[%emt 0:00:02]} 9. Bg5 {[%emt 0:00:04]} Re8 {[%emt 0:00:04]} 10. dxc5 {
[%emt 0:00:06]} d4 {[%emt 0:00:06]} 11. Na4 {[%emt 0:00:08]} h6 {[%emt 0:00:04]
} 12. Bxf6 {[%emt 0:00:01]} Bxf6 {[%emt 0:00:03]} 13. Rc1 {[%emt 0:00:02]} Bg4
{[%emt 0:00:05]} 14. Re1 {[%emt 0:00:05]} Qc7 {[%emt 0:00:03]} 15. Qd3 {
[%emt 0:00:06]} Bh5 {[%emt 0:00:03]} 16. e4 {[%emt 0:00:08]} g5 {[%emt 0:00:02]
} 17. h3 {[%emt 0:00:04]} Bg6 {[%emt 0:00:07]} 18. b3 {[%emt 0:00:03]} h5 {
[%emt 0:00:01]} 19. Nd2 {[%emt 0:00:05]} Re6 {[%emt 0:00:08]} 20. Nc4 {
[%emt 0:00:06]} h4 {[%emt 0:00:03]} 21. Nd6 {[%emt 0:00:06]} Qe7 {
[%emt 0:00:05]} 22. f4 {[%emt 0:00:04]} gxf4 {[%emt 0:00:03]} 23. gxf4 {
[%emt 0:00:03]} Bh5 {[%emt 0:00:01]} 24. a3 {[%emt 0:00:05]} Kh8 {
[%emt 0:00:04]} 25. Nf5 {[%emt 0:00:06]} Qd7 {[%emt 0:00:04]} 26. Kh2 {
[%emt 0:00:03]} Rg8 {[%emt 0:00:05]} 27. Bf3 {[%emt 0:00:02]} Qc7 {
[%emt 0:00:38]} 28. Nd6 {[%emt 0:00:05]} Rg3 {[%emt 0:00:03]} 29. Rf1 {
[%emt 0:00:03]} Rxd6 {[%emt 0:00:04]} 30. cxd6 {[%emt 0:00:36]} Qd7 {
[%emt 0:00:03]} 31. f5 {[%emt 0:00:03]} Qxd6 {[%emt 0:00:03]} 32. e5 {
[%emt 0:00:02]} Qxe5 {[%emt 0:00:04]} 33. Qe4 {[%emt 0:00:01]} Rxh3+ {
[%emt 0:00:03]} 0-1

[Event "9. Forchheimer Sparkassen Open 2010"]
[Site "Forchheim"]
[Date "2010.10.02"]
[Round "3.29"]
[White "Meyer, Stefan"]
[Black "Xiong, Ferdinand"]
[Result "1-0"]
[WhiteElo "2168"]
[BlackElo "1912"]
[PlyCount "87"]
[EventDate "2010.??.??"]
[WhiteTeam "SAbt TuS Dotzheim"]
[BlackTeam "Schach-Club Vaterstetten"]

1. Nf3 {[%emt 0:00:00]} Nf6 {[%emt 0:00:01]} 2. g3 {[%emt 0:00:02]} g6 {
[%emt 0:00:01]} 3. Bg2 {[%emt 0:00:02]} Bg7 {[%emt 0:00:01]} 4. O-O {
[%emt 0:00:02]} O-O {[%emt 0:00:01]} 5. d4 {[%emt 0:00:03]} d6 {[%emt 0:00:02]}
6. Re1 {[%emt 0:00:03]} Nbd7 {[%emt 0:00:03]} 7. e4 {[%emt 0:00:01]} c5 {
[%emt 0:00:01]} 8. c3 {[%emt 0:00:02]} Rb8 {[%emt 0:00:01]} 9. e5 {
[%emt 0:00:02]} Ne8 {[%emt 0:00:02]} 10. Bg5 {[%emt 0:00:02]} d5 {
[%emt 0:00:02]} 11. Qd2 {[%emt 0:00:02]} Nc7 {[%emt 0:00:02]} 12. Na3 {
[%emt 0:00:02]} Ne6 {[%emt 0:00:02]} 13. Bh6 {[%emt 0:00:05]} Bxh6 {
[%emt 0:00:02]} 14. Qxh6 {[%emt 0:00:01]} cxd4 {[%emt 0:00:07]} 15. cxd4 {
[%emt 0:00:02]} Re8 {[%emt 0:00:04]} 16. Nc2 {[%emt 0:00:03]} b6 {
[%emt 0:00:02]} 17. Nb4 {[%emt 0:00:02]} Bb7 {[%emt 0:00:02]} 18. Nd3 {
[%emt 0:00:02]} Ndf8 {[%emt 0:00:03]} 19. h4 {[%emt 0:00:42]} Ng7 {
[%emt 0:00:01]} 20. Bh3 {[%emt 0:00:03]} Bc8 {[%emt 0:00:03]} 21. g4 {
[%emt 0:00:04]} f5 {[%emt 0:00:02]} 22. e6 {[%emt 0:00:02]} fxg4 {
[%emt 0:00:02]} 23. Bxg4 {[%emt 0:00:01]} Bxe6 {[%emt 0:00:01]} 24. Rxe6 {
[%emt 0:00:00]} Ngxe6 {[%emt 0:00:05]} 25. Nde5 {[%emt 0:00:05]} Qd6 {
[%emt 0:00:09]} 26. Re1 {[%emt 0:00:03]} Rbc8 {[%emt 0:00:02]} 27. Nxg6 {
[%emt 0:00:02]} Nxd4 {[%emt 0:00:02]} 28. Nxe7+ {[%emt 0:00:04]} Rxe7 {
[%emt 0:00:01]} 29. Qxd6 {[%emt 0:00:05]} Nxf3+ {[%emt 0:00:02]} 30. Bxf3 {
[%emt 0:00:03]} Rxe1+ {[%emt 0:00:02]} 31. Kg2 {[%emt 0:00:04]} Rcc1 {
[%emt 0:00:03]} 32. Bxd5+ {[%emt 0:00:02]} Kg7 {[%emt 0:00:03]} 33. h5 {
[%emt 0:00:02]} h6 {[%emt 0:00:01]} 34. Qg3+ {[%emt 0:00:03]} Kf6 {
[%emt 0:00:01]} 35. Qf4+ {[%emt 0:00:02]} Ke7 {[%emt 0:00:01]} 36. Qf7+ {
[%emt 0:00:02]} Kd6 {[%emt 0:00:03]} 37. Qxf8+ {[%emt 0:00:01]} Kxd5 {
[%emt 0:00:01]} 38. Qxh6 {[%emt 0:00:04]} Rg1+ {[%emt 0:00:02]} 39. Kf3 {
[%emt 0:00:02]} Rcd1 {[%emt 0:00:04]} 40. Qf6 {[%emt 0:00:02]} Rd3+ {
[%emt 0:00:03]} 41. Ke2 {[%emt 0:00:04]} Rgd1 {[%emt 0:00:02]} 42. h6 {
[%emt 0:00:01]} Ke4 {[%emt 0:00:05]} 43. Qg6+ {[%emt 0:00:02]} Kd4 {
[%emt 0:00:02]} 44. h7 {[%emt 0:00:01]} 1-0

[Event "9. Forchheimer Sparkassen Open 2010"]
[Site "Forchheim"]
[Date "2010.10.02"]
[Round "3.30"]
[White "Straschewski, Jörg"]
[Black "Martin Fernandez, Rodrigo"]
[Result "0-1"]
[WhiteElo "2041"]
[BlackElo "2169"]
[PlyCount "94"]
[EventDate "2010.??.??"]
[WhiteTeam "TSV Cadolzburg e.V."]
[BlackTeam "SC Erlangen 48/88"]

1. d4 {[%emt 0:00:00]} Nf6 {[%emt 0:00:01]} 2. c4 {[%emt 0:00:02]} c5 {
[%emt 0:00:00]} 3. d5 {[%emt 0:00:02]} b5 {[%emt 0:00:01]} 4. cxb5 {
[%emt 0:00:02]} a6 {[%emt 0:00:01]} 5. bxa6 {[%emt 0:00:02]} Bxa6 {
[%emt 0:00:02]} 6. Nc3 {[%emt 0:00:02]} d6 {[%emt 0:00:01]} 7. Nf3 {
[%emt 0:00:02]} g6 {[%emt 0:00:01]} 8. e4 {[%emt 0:00:02]} Bxf1 {[%emt 0:00:02]
} 9. Kxf1 {[%emt 0:00:01]} Bg7 {[%emt 0:00:02]} 10. g3 {[%emt 0:00:02]} Nbd7 {
[%emt 0:00:03]} 11. Kg2 {[%emt 0:00:03]} O-O {[%emt 0:00:04]} 12. Re1 {
[%emt 0:00:03]} Ng4 {[%emt 0:00:01]} 13. h3 {[%emt 0:00:02]} Nge5 {
[%emt 0:00:01]} 14. Nxe5 {[%emt 0:00:02]} Nxe5 {[%emt 0:00:01]} 15. f4 {
[%emt 0:00:02]} Nc4 {[%emt 0:00:01]} 16. Qe2 {[%emt 0:00:03]} Nb6 {
[%emt 0:00:02]} 17. Bd2 {[%emt 0:00:02]} Na4 {[%emt 0:00:02]} 18. Reb1 {
[%emt 0:00:04]} Qd7 {[%emt 0:00:02]} 19. Nxa4 {[%emt 0:00:02]} Rxa4 {
[%emt 0:00:01]} 20. Bc3 {[%emt 0:00:02]} Bxc3 {[%emt 0:00:02]} 21. bxc3 {
[%emt 0:00:02]} Rfa8 {[%emt 0:00:03]} 22. Rb2 {[%emt 0:00:02]} Qa7 {
[%emt 0:00:11]} 23. Rab1 {[%emt 0:00:03]} Qa5 {[%emt 0:00:03]} 24. Qc2 {
[%emt 0:00:02]} Kg7 {[%emt 0:00:02]} 25. c4 {[%emt 0:00:03]} Ra3 {
[%emt 0:00:04]} 26. e5 {[%emt 0:00:02]} Rc3 {[%emt 0:00:02]} 27. Qf2 {
[%emt 0:00:02]} Qa4 {[%emt 0:00:03]} 28. f5 {[%emt 0:00:03]} dxe5 {
[%emt 0:00:02]} 29. Qxc5 {[%emt 0:00:02]} Qxc4 {[%emt 0:00:02]} 30. f6+ {
[%emt 0:00:03]} exf6 {[%emt 0:00:02]} 31. Qxc4 {[%emt 0:00:01]} Rxc4 {
[%emt 0:00:01]} 32. Rd1 {[%emt 0:00:02]} Rd8 {[%emt 0:00:02]} 33. d6 {
[%emt 0:00:03]} Rd7 {[%emt 0:00:01]} 34. Rd5 {[%emt 0:00:04]} h5 {
[%emt 0:00:02]} 35. a3 {[%emt 0:00:02]} Rc6 {[%emt 0:00:01]} 36. a4 {
[%emt 0:00:02]} Rcxd6 {[%emt 0:00:02]} 37. Rxd6 {[%emt 0:00:02]} Rxd6 {
[%emt 0:00:01]} 38. a5 {[%emt 0:00:02]} Ra6 {[%emt 0:00:01]} 39. Ra2 {
[%emt 0:00:02]} f5 {[%emt 0:00:01]} 40. Kf3 {[%emt 0:00:02]} Kf6 {
[%emt 0:00:04]} 41. Ke3 {[%emt 0:00:01]} Ke6 {[%emt 0:00:01]} 42. Kf3 {
[%emt 0:00:01]} Kd5 {[%emt 0:00:01]} 43. g4 {[%emt 0:00:01]} hxg4+ {
[%emt 0:00:01]} 44. hxg4 {[%emt 0:00:01]} fxg4+ {[%emt 0:00:02]} 45. Kxg4 {
[%emt 0:00:02]} f6 {[%emt 0:00:01]} 46. Ra1 {[%emt 0:00:02]} Kc5 {
[%emt 0:00:02]} 47. Kf3 {[%emt 0:00:03]} f5 {[%emt 0:00:01]} 0-1